00972nam a2200301Ia 4500001000900000003000500009005001700014008004100031010001100072020002200083040000900105082002000114100002200134245012000156260005400276300001700330440002900347503000700376504003100383650002900414650004400443650003100487650005500518650002600573650001300599650002800612700003000640dia_2543CHAP20240226110957.0220117s2015 xx 000 0 und d a173065 a978-1-4665-5707-9 cCHAP a515.35 M35 2015 aMcKibben, Mark A. aDifferential equations with MATLAB : exploration, applications, and theory /c Mark A. McKibben y Micah D. Webster aEstados Unidos de América :b CRC Press,c2015 axxix, 467 p. aTextbooks in mathematics aC. aBibliografía: p. 459-461 aDifferential equations  aDifferential equationsxData processing aEcuaciones diferenciales  aEcuaciones diferencialesxProcesamiento de datos  aMathematical models  aMATLAB  aModelos matemáticos  aWebster, Micah D., coaut.